[Event "Stuttgart-chB int"]
[Site "Gerlingen"]
[Date "2011.06.04"]
[Round "7"]
[White "Koerber, Christian"]
[Black "Balija, Cerim"]
[Result "1/2-1/2"]
[WhiteElo "1728"]
[BlackElo "1532"]
[PlyCount "55"]
[EventDate "2011.06.02"]
[EventType "swiss"]
[EventRounds "7"]
[EventCountry "GER"]
[SourceTitle "EXT 2018"]
[Source "ChessBase"]
[SourceDate "2017.10.13"]
[SourceVersion "1"]
[SourceVersionDate "2017.10.13"]
[SourceQuality "1"]

1. Nf3 Nf6 2. d4 e6 3. e3 c6 4. Bd3 Be7 5. b3 0-0 6. 0-0 d5 7. Bb2 h6 8. Ne5 Nbd7 9. Nd2 c5 10. f4 Nxe5 11. fxe5 Nd7 12. Qg4 Bg5 13. Rf3 b6 14. Rg3 g6 15. Bxg6 fxg6 16. h4 Bxe3+ 17. Rxe3 Qe8 18. Rg3 Kh7 19. Ba3 Rf5 20. c3 cxd4 21. cxd4 Ba6 22. Rc1 Rc8 23. Rxc8 Bxc8 24. Rc3 Rf7 25. Rc7 Nf8 26. Rxf7+ Qxf7 27. Qf3 Qxf3 28. Nxf3 1/2-1/2

[Event "Stuttgart-chB int"]
[Site "Gerlingen"]
[Date "2011.06.02"]
[Round "2"]
[White "Tsybulevsky, Juri"]
[Black "Balija, Cerim"]
[Result "1-0"]
[WhiteElo "1674"]
[BlackElo "1532"]
[PlyCount "95"]
[EventDate "2011.06.02"]
[EventType "swiss"]
[EventRounds "7"]
[EventCountry "GER"]
[SourceTitle "EXT 2018"]
[Source "ChessBase"]
[SourceDate "2017.10.13"]
[SourceVersion "1"]
[SourceVersionDate "2017.10.13"]
[SourceQuality "1"]

1. d4 d5 2. c4 Nf6 3. Nf3 e6 4. Nc3 Bb4 5. Bd2 0-0 6. e3 b6 7. Bd3 dxc4 8. Bxc4 Bb7 9. 0-0 a6 10. Ne5 Bxc3 11. bxc3 Ne4 12. Be1 Qg5 13. f4 Qe7 14. f5 b5 15. Bb3 Nd7 16. Ng4 Nef6 17. Bh4 exf5 18. Rxf5 Qe4 19. Nxf6+ Nxf6 20. Qf3 Qxf3 21. gxf3 Bc8 22. Rc5 Ra7 23. e4 Nd7 24. Rg5 h6 25. Rg3 Kh7 26. Rg2 g5 27. Bf2 Nf6 28. d5 Nh5 29. Bxa7 Nf4 30. Rd2 f6 31. Bb8 Rf7 32. d6 Rd7 33. Bxc7 Ng6 34. a4 Ne5 35. Kf2 g4 36. f4 Nf3 37. Rd3 Rg7 38. axb5 axb5 39. Ra8 Bb7 40. Re8 Bc6 41. Re7 Nxh2 42. Rxg7+ Kxg7 43. d7 Bxd7 44. Rxd7+ Kg6 45. Kg3 Nf1+ 46. Kxg4 h5+ 47. Kh4 Ne3 48. f5+ 1-0